Demons - Imagine Dragons: Lyrics - Statistics

General Stats
  • This quiz has been taken 786 times
  • The average score is 95 of 118
Answer Stats
Answer % Correct
I
97%
the
97%
When
95%
are
93%
Are
93%
demons
92%
And
91%
and
91%
hide
91%
my
91%
you
91%
we
90%
days
89%
where
89%
it's
87%
to
87%
inside
86%
of
86%
cold
85%
made
84%
all
81%
is
79%
Don't
78%
No
77%
gold
76%
eyes
74%
truth
74%
dark
73%
look
73%
want
73%
can
72%
close
71%
This
71%
come
70%
get
70%
kingdom
70%
into
69%
see
69%
shelter
69%
what
69%
beast
68%
but
66%
matter
66%
cards
65%
there's
65%
fold
64%
still
64%
feel
63%
nowhere
63%
dreams
62%
with
61%
your
61%
saints
60%
worst
57%
heat
56%
greed
54%
fail
53%
run
52%
ones
50%
breed
49%
blood's
44%
hail
43%
stale
35%
No matching quizzes found
Score Distribution
Percent of People with Each Score
Percentile by Number Answered
Your Score History
You have not taken this quiz